000 00786nam a2200229Ia 4500
008 130821s1996 xxu gr eng
020 _a415110343
040 _aCo-BoUCM
_bspa
041 0 0 _aeng
100 1 _aSharples, R. W.
_9157323
245 1 0 _aStoics, epicureans and sceptics an introduction to hellenistic philosophy
_cE. W. Sharples.
260 _aNueva York (Estados Unidos)
_bRoutledge
_c1996
300 _a154 páginas
504 _aIncluye bibliografía e índices
600 1 4 _aEpicuro
_d341-270 a. C.
_d341-270 a. C.
_9157324
650 0 4 _aEscépticos (Filosofía griega)
_914755
650 0 4 _aEstoicismo
_915105
650 0 4 _aFilosofía antigua
_915727
650 0 4 _aFilosofía
_975
942 _cLIBRO
_a2
_e1
_mS41
_2DEWEY
_h180
999 _c26059
_d26059